000 00710nam a2200169 a 4500
008 160526s2014 ||||||||||||||||| || u
020 _a9781118305003
050 _aTK 6592.G7 PER
100 _aPersico Raffaela
245 1 0 _aIntroduction to ground penetrating radar: inverse scattering and data processing
_cby Raffaela Persico
260 _aHoboken
_bJohn Wiley & Sons, Inc
_c2014
300 _axxi,368p. ill.
350 _a124.00
500 _aIncludes references and index
650 _aGROUND PENETRATING RADAR
995 _FCBU-MAIN LIBRARY (Kitwe)
_I124.00
_M1
_UAVAILABLE
_WJun 2, 2016
_XBook Aid International
_ZMain Library Open Access Collection
999 _c47783
_d47783